| 000 | 00423nam a2200169 a 4500 | ||
|---|---|---|---|
| 001 | 3207 | ||
| 005 | 20140414131917.0 | ||
| 008 | 040129s19uu xx 00 eng d | ||
| 020 | _a2-89429-967-2 | ||
| 050 |
_aER _bL96 1995 |
||
| 100 | _aBryant, Robyn | ||
| 245 |
_aLudwig the locomotive / _cRobyn Bryant. |
||
| 260 |
_aChina : _bTormont, _c1995. |
||
| 300 | _ap. ; cm. | ||
| 650 |
_aTrains _xfiction. |
||
| 999 |
_c111542 _d111542 |
||